<?xml version="1.0" encoding="UTF-8"?>
<collection xmlns="http://www.loc.gov/MARC21/slim">
  <record>
    <leader>00000nam  2200000   4500</leader>
    <controlfield tag="001">INLIS000000000020438</controlfield>
    <controlfield tag="005">20250623012734</controlfield>
    <datafield tag="035" ind1="#" ind2="#">
      <subfield code="a">0010-0625000180</subfield>
    </datafield>
    <controlfield tag="007">ta</controlfield>
    <controlfield tag="008">250623################g##########0#ind##</controlfield>
    <datafield tag="020" ind1="#" ind2="#">
      <subfield code="a">979 518 559 4</subfield>
    </datafield>
    <datafield tag="082" ind1="#" ind2="#">
      <subfield code="a">370</subfield>
    </datafield>
    <datafield tag="084" ind1="#" ind2="#">
      <subfield code="a">370 TIL p</subfield>
    </datafield>
    <datafield tag="100" ind1=" " ind2="#">
      <subfield code="a">Tilaar, H.A.R.</subfield>
    </datafield>
    <datafield tag="245" ind1="1" ind2="#">
      <subfield code="a">Paradigma Baru Pendidikan Nasional /</subfield>
      <subfield code="c">H.A.R. Tilaar</subfield>
    </datafield>
    <datafield tag="250" ind1="#" ind2="#">
      <subfield code="a">Cetakan ke 2</subfield>
    </datafield>
    <datafield tag="260" ind1="#" ind2="#">
      <subfield code="a">Jakarta :</subfield>
      <subfield code="b">Rineka Cipta,</subfield>
      <subfield code="c">2004</subfield>
    </datafield>
    <datafield tag="300" ind1="#" ind2="#">
      <subfield code="a">240 halaman :</subfield>
      <subfield code="b">ilus ;</subfield>
      <subfield code="c">23,5 cm</subfield>
    </datafield>
    <datafield tag="650" ind1="#" ind2="4">
      <subfield code="a">Pendidikan</subfield>
    </datafield>
    <datafield tag="520" ind1="#" ind2="#">
      <subfield code="a">Reformasi dalam bidang pendidikan ini sangat penting mengingat kita tidak rela menghadapi kenyataan bahwa generasi muda kita menjadi "the lost generation". Keputusan-keputusan yang tidak konseptual mengenai pendidikan nasional akan sangat fatal bagi terwujudnya cita-cita reformasi yakni membangun masyarakat Indonesia baru yang demokratis, damai, berkeadilan, dan sejahtera.&#13;
&#13;
Reformasi pendidikan nasional tidak dapat menunggu lebih lama lagi, ia harus dibersihkan dari unsur-unsur politik agar dapat ditangani lebih profesional dan sesegera mungkin, agar tidak berakibat pada disintegrasi masyarakat dan dapat berdaya saing di dunia global.</subfield>
    </datafield>
    <datafield tag="990" ind1="#" ind2="#">
      <subfield code="a">04108527</subfield>
    </datafield>
    <datafield tag="990" ind1="#" ind2="#">
      <subfield code="a">06029503</subfield>
    </datafield>
    <datafield tag="990" ind1="#" ind2="#">
      <subfield code="a">04108526</subfield>
    </datafield>
  </record>
</collection>
